000 01175nam a22003257a 4500
003 CHAP
005 20220329134210.0
008 971013s1984 r 00010 d
010 _a16842
011 _a17814
035 _a21898
040 _cCHAP
090 _aTesis
100 0 0 _aHuichán Fuentes, Jorge.
_956821
245 _aSaneamiento de una plantación urbana de Cupressus benthami var. lindleyi (Klotzch) masters en San Luis Potosí, S.L.P. afectada por el descortezador Phloeosinus serratus Lecante
260 _aChapingo, Méx. :
_bEl autor,
_c1984
300 _a30 h.
_b: ilus.
502 _aTesis (Ing. Agr. Esp. en Bosques) -- UACH. División de Ciencias Forestales
590 _aALEPH
_b10
_c20130110
_lUCH01
_h1239
590 _aBATCH-UPD
_b10
_c20130110
_lUCH01
_h0306
590 _aBATCH-UPD
_b10
_c20130110
_lUCH01
_h2142
590 _aBATCH-UPD
_b10
_c20130410
_lUCH01
_h1451
590 _aBATCH-UPD
_b10
_c20130914
_lUCH01
_h0941
590 _aCONVERSION
_b10
_c20130109
_lUCH01
_h1310
650 1 4 _aCiprés
_xPlagas.
_923351
650 1 4 _aPhloeosinus serratus.
_987861
901 _aBK
942 _cTESIS
949 _bBC
_cTES
_d-50915
_eTS1
_h26511
_i21898
_si
999 _c16842
_d16842